[Event "Madrid-chT 1920"]
[Site "Madrid"]
[Date "2020.01.18"]
[Round "5.4"]
[White "Martinez Conde Hernandez, Carlos"]
[Black "Alarcia Astiz, Carlos"]
[Result "0-1"]
[WhiteElo "2103"]
[BlackElo "2279"]
[PlyCount "132"]
[EventDate "2019.11.24"]
[EventType "team-tourn"]
[EventRounds "14"]
[EventCountry "ESP"]
[SourceVersionDate "2019.11.24"]
[WhiteTeam "Virgen de Atocha"]
[BlackTeam "Blanco y Negro"]
[WhiteTeamCountry "ESP"]
[BlackTeamCountry "ESP"]

1. e4 c6 2. Nf3 d5 3. Nc3 Bg4 4. h3 Bxf3 5. Qxf3 e6 6. g3 Nf6 7. a3 Nbd7 8. d3
Bc5 9. Bg2 h6 10. O-O O-O 11. Kh1 a5 12. Qe2 dxe4 13. Nxe4 Nxe4 14. Qxe4 Nf6
15. Qe2 a4 16. c3 Re8 17. d4 Bd6 18. f4 Qa5 19. Be3 Qa6 20. Qf3 Nd5 21. Bg1
Rad8 22. Rfe1 Qb5 23. Qf2 Ne7 24. Re2 Nf5 25. Rae1 g5 26. g4 Nh4 27. f5 Nxg2
28. Qxg2 Qc4 29. Bh2 Bxh2 30. Kxh2 Kg7 31. fxe6 Rxe6 32. Rxe6 fxe6 33. Qg3 Rf8
34. Qe5+ Rf6 35. Qc7+ Kg6 36. Qc8 Kg7 37. Qxb7+ Rf7 38. Qb8 Qd3 39. Qe5+ Rf6
40. Qe2 Qg6 41. Kg2 Qf7 42. Qe5 Kg8 43. Re2 Rf1 44. Qe4 Kg7 45. Qxc6 Qf4 46.
Qe4 Rf2+ 47. Rxf2 Qxe4+ 48. Kg1 Qe3 49. Kg2 Kg6 50. Rf3 Qe4 51. Kg3 Qb1 52. Rf2
Qg1+ 53. Rg2 Qe3+ 54. Kh2 Kf6 55. Rg1 Ke7 56. Rg2 Qf4+ 57. Kg1 Kd6 58. Kh1 Qf3
59. Kh2 Kd5 60. Rg1 Ke4 61. Re1+ Kd3 62. Rxe6 Qf2+ 63. Kh1 Qxb2 64. d5 Qxa3 65.
d6 Qa1+ 66. Kh2 Qa2+ 0-1

[Event "Madrid-chT 1920"]
[Site "Madrid"]
[Date "2020.01.18"]
[Round "5.5"]
[White "Hidalgo Duque, Carlos"]
[Black "Vazquez Torres, Adrian"]
[Result "1-0"]
[WhiteElo "2254"]
[BlackElo "2147"]
[PlyCount "155"]
[EventDate "2019.11.24"]
[EventType "team-tourn"]
[EventRounds "14"]
[EventCountry "ESP"]
[SourceVersionDate "2019.11.24"]
[WhiteTeam "Blanco y Negro"]
[BlackTeam "Virgen de Atocha"]
[WhiteTeamCountry "ESP"]
[BlackTeamCountry "ESP"]

1. Nf3 Nf6 2. c4 c5 3. Nc3 Nc6 4. d4 cxd4 5. Nxd4 g6 6. e4 d6 7. Be2 Bg7 8. Be3
Bd7 9. O-O O-O 10. Qd2 Nxd4 11. Bxd4 Bc6 12. f3 b6 13. Rac1 Rc8 14. Rfd1 Nd7
15. Be3 Re8 16. Bf1 Bb7 17. Qf2 Ne5 18. Nb5 Ra8 19. Nxa7 Nd7 20. Nb5 Rxa2 21.
Nc3 Bxc3 22. Rxc3 Qc7 23. Rc2 Rea8 24. Rdc1 Qc6 25. b4 Rxc2 26. Qxc2 Rc8 27.
Qb2 f6 28. Qd4 g5 29. h4 g4 30. Qd5+ Qxd5 31. cxd5 Rxc1 32. Bxc1 f5 33. Kf2 Kf7
34. Be3 gxf3 35. gxf3 fxe4 36. fxe4 Nf6 37. Kf3 e6 38. dxe6+ Kxe6 39. Bxb6 Ke5
40. Ke3 Ng4+ 41. Kd2 Bxe4 42. Kc3 Bb7 43. Be2 Nh6 44. Bg1 Nf5 45. Bh2+ Kf6 46.
h5 d5 47. b5 Ne7 48. Kd4 Nc8 49. Kc5 Kg5 50. Bc7 Na7 51. Bd8+ Kf4 52. Kb6 Nxb5
53. Kxb5 h6 54. Bd3 Bc8 55. Bg6 Ke3 56. Bg5+ Kf3 57. Bxh6 Bg4 58. Bg7 Bxh5 59.
Bxh5+ Kf4 60. Kc5 Ke4 61. Bf7 d4 62. Bxd4 Kf5 63. Bd5 Kf4 64. Kd6 Kf5 65. Be5
Kg4 66. Be4 Kg5 67. Ke6 Kg4 68. Kf6 Kh4 69. Bf3 Kh3 70. Kf5 Kh4 71. Bf6+ Kh3
72. Kf4 Kh2 73. Bc6 Kg1 74. Bc3 Kf1 75. Bb5+ Kg1 76. Kg3 Kh1 77. Bb4 Kg1 78.
Bc5+ 1-0

[Event "Madrid-chT 1920"]
[Site "Madrid"]
[Date "2020.01.18"]
[Round "5.6"]
[White "Aguilera Lopez, Alejandro"]
[Black "Rottenwohrer Suarez, Juan"]
[Result "0-1"]
[WhiteElo "2173"]
[BlackElo "2212"]
[PlyCount "114"]
[EventDate "2019.11.24"]
[EventType "team-tourn"]
[EventRounds "14"]
[EventCountry "ESP"]
[SourceVersionDate "2019.11.24"]
[WhiteTeam "Virgen de Atocha"]
[BlackTeam "Blanco y Negro"]
[WhiteTeamCountry "ESP"]
[BlackTeamCountry "ESP"]

1. e3 Nf6 2. Nf3 g6 3. Be2 Bg7 4. O-O O-O 5. c4 c5 6. Nc3 Nc6 7. d4 cxd4 8.
exd4 d5 9. h3 b6 10. Bf4 Bb7 11. a3 Rc8 12. Rc1 dxc4 13. Bxc4 Na5 14. Ba2 Ne4
15. Qe2 Nxc3 16. bxc3 e6 17. Ne5 Bd5 18. c4 Bb7 19. Rfd1 Re8 20. Ng4 Ba6 21.
Be5 f6 22. Bh2 Qe7 23. d5 Kh8 24. d6 Qd7 25. Qb2 Rf8 26. c5 bxc5 27. Qc3 Nb7
28. Ne3 Rc6 29. Nc4 e5 30. f4 Bxc4 31. Bxc4 Rxd6 32. Rxd6 Qxd6 33. Kh1 Qd4 34.
Ba6 Nd6 35. Qxc5 Ne4 36. Qxd4 exd4 37. f5 d3 38. Rc7 d2 39. Be2 Rd8 40. Bf4 g5
41. Bxd2 Nxd2 42. Rxa7 Bf8 43. a4 Ne4 44. Bf3 Ng3+ 45. Kh2 Bd6 46. a5 Nxf5+ 47.
Kh1 Ng3+ 48. Kh2 Nf1+ 49. Kh1 Ng3+ 50. Kh2 Ne4+ 51. Kh1 Nf2+ 52. Kg1 Nd3 53.
Rb7 Bc5+ 54. Kh2 Bd6+ 55. Kg1 Nc5 56. Rb5 Rb8 57. Bb7 Rxb7 0-1

[Event "Madrid-chT 1920"]
[Site "Madrid"]
[Date "2020.01.19"]
[Round "5.1"]
[White "Elissalt Cardenas, Hector"]
[Black "Vazquez Igarza, Renier"]
[Result "0-1"]
[WhiteElo "2270"]
[BlackElo "2552"]
[PlyCount "88"]
[EventDate "2019.11.24"]
[EventType "team-tourn"]
[EventRounds "14"]
[EventCountry "ESP"]
[SourceVersionDate "2019.11.24"]
[WhiteTeam "Tajamar"]
[BlackTeam "Collado Villalba"]
[WhiteTeamCountry "ESP"]
[BlackTeamCountry "ESP"]

1. c4 e5 2. Nc3 Nf6 3. g3 Bb4 4. Bg2 O-O 5. Nf3 Re8 6. O-O c6 7. Qb3 Bf8 8. d3
h6 9. e4 Na6 10. d4 d6 11. Rd1 Qa5 12. d5 cxd5 13. cxd5 Bd7 14. Ne1 b5 15. a3
Rec8 16. Bd2 Qb6 17. h3 Nc5 18. Qc2 a5 19. b4 axb4 20. axb4 Na4 21. Nxa4 bxa4
22. Qb1 Bb5 23. Be3 Qa6 24. Rc1 Be7 25. Qb2 Rcb8 26. Nc2 Bd3 27. Na3 Bxe4 28.
Bxe4 Nxe4 29. b5 Qb7 30. Rc6 f5 31. Qc2 Bd8 32. Kg2 Qf7 33. Rd1 Ba5 34. b6 Bb4
35. Rc7 Qg6 36. b7 Rxb7 37. Rc8+ Rxc8 38. Qxc8+ Kh7 39. Qxb7 Bxa3 40. Rd3 Nc5
41. Bxc5 Bxc5 42. Qb1 e4 43. Rc3 a3 44. g4 fxg4 0-1

[Event "Madrid-chT 1920"]
[Site "Madrid"]
[Date "2020.01.19"]
[Round "5.2"]
[White "Moreno Ruiz, Javier"]
[Black "Rodriguez Lopez, David"]
[Result "1-0"]
[WhiteElo "2440"]
[BlackElo "2160"]
[PlyCount "71"]
[EventDate "2019.11.24"]
[EventType "team-tourn"]
[EventRounds "14"]
[EventCountry "ESP"]
[SourceVersionDate "2019.11.24"]
[WhiteTeam "Collado Villalba"]
[BlackTeam "Tajamar"]
[WhiteTeamCountry "ESP"]
[BlackTeamCountry "ESP"]

1. e4 e5 2. Bc4 Nc6 3. Nc3 Nf6 4. d3 Be7 5. f4 d6 6. Nf3 a6 7. a3 Be6 8. f5
Bxc4 9. dxc4 g6 10. fxg6 hxg6 11. Qd3 Qd7 12. Bd2 Qg4 13. O-O O-O-O 14. b4 Nd4
15. Nxd4 exd4 16. Nd5 Nxd5 17. cxd5 Qh4 18. h3 f5 19. exf5 gxf5 20. Rf4 Qh6 21.
Rxf5 Qg7 22. Raf1 Rdg8 23. Qf3 Qg3 24. Kh1 Qg6 25. Be1 Bg5 26. Qg4 Kb8 27. Bd2
Bxd2 28. Rf8+ Ka7 29. Qxg6 Rxh3+ 30. gxh3 Rxg6 31. R1f7 Rg3 32. Rxc7 Rxh3+ 33.
Kg2 Rxa3 34. Rff7 a5 35. Rxb7+ Ka6 36. b5# 1-0

[Event "Madrid-chT 1920"]
[Site "Madrid"]
[Date "2020.01.19"]
[Round "5.3"]
[White "Mkrtchyan, Levon"]
[Black "Martin Duque, Jesus"]
[Result "1/2-1/2"]
[WhiteElo "2214"]
[BlackElo "2447"]
[PlyCount "37"]
[EventDate "2019.11.24"]
[EventType "team-tourn"]
[EventRounds "14"]
[EventCountry "ESP"]
[SourceVersionDate "2019.11.24"]
[WhiteTeam "Tajamar"]
[BlackTeam "Collado Villalba"]
[WhiteTeamCountry "ESP"]
[BlackTeamCountry "ESP"]

1. e4 e5 2. Nf3 Nc6 3. Bc4 Bc5 4. O-O Nf6 5. d4 Bxd4 6. Nxd4 Nxd4 7. f4 d6 8.
fxe5 dxe5 9. Bg5 Be6 10. Na3 Qe7 11. Bxf6 gxf6 12. c3 Nc6 13. Kh1 Rg8 14. Bb5
Bd7 15. Nc2 O-O-O 16. Ne3 f5 17. exf5 Qc5 18. Qe2 Kb8 19. Bc4 1/2-1/2

[Event "Madrid-chT 1920"]
[Site "Madrid"]
[Date "2020.01.19"]
[Round "5.4"]
[White "Quispe Arteaga, Gabriel"]
[Black "Ingunza Curro, Andres"]
[Result "1-0"]
[WhiteElo "2412"]
[BlackElo "2120"]
[PlyCount "99"]
[EventDate "2019.11.24"]
[EventType "team-tourn"]
[EventRounds "14"]
[EventCountry "ESP"]
[SourceVersionDate "2019.11.24"]
[WhiteTeam "Collado Villalba"]
[BlackTeam "Tajamar"]
[WhiteTeamCountry "ESP"]
[BlackTeamCountry "ESP"]

1. Nf3 e6 2. d4 Nf6 3. c4 Bb4+ 4. Bd2 Qe7 5. g3 Nc6 6. e3 Bxd2+ 7. Qxd2 d6 8.
Nc3 O-O 9. Bg2 e5 10. O-O Bg4 11. h3 Bxf3 12. Bxf3 Rfe8 13. Bg2 h5 14. Rac1 e4
15. Nd5 Nxd5 16. cxd5 Nd8 17. Qa5 b6 18. Qa4 Rf8 19. Rc3 h4 20. Kh2 f5 21. Rfc1
hxg3+ 22. fxg3 Qg5 23. Qc2 Rc8 24. Qe2 Qe7 25. Qa6 Nf7 26. Qb7 Qg5 27. Rf1 Nh6
28. Qxa7 Ra8 29. Qxc7 Rxa2 30. Rb3 Rf6 31. Qc2 Rg6 32. Qf2 Ra5 33. Rxb6 Rxd5
34. b4 Kh7 35. Rb7 Qd8 36. Rc1 Qa8 37. Rcc7 Qa1 38. Bf1 f4 39. gxf4 Rh5 40. Be2
Ng4+ 41. Bxg4 Rxg4 42. Ra7 Qd1 43. Ra5 Rxh3+ 44. Kxh3 Rg6 45. Rxg7+ Rxg7 46.
Rg5 Qh1+ 47. Qh2 Qf3+ 48. Qg3 Qf1+ 49. Kg4 Qe2+ 50. Kh4 1-0

[Event "Madrid-chT 1920"]
[Site "Madrid"]
[Date "2020.01.19"]
[Round "5.5"]
[White "Martinez Aragon, Aitor"]
[Black "Suarez Uriel, Adrian"]
[Result "1-0"]
[WhiteElo "2034"]
[BlackElo "2362"]
[PlyCount "101"]
[EventDate "2019.11.24"]
[EventType "team-tourn"]
[EventRounds "14"]
[EventCountry "ESP"]
[SourceVersionDate "2019.11.24"]
[WhiteTeam "Tajamar"]
[BlackTeam "Collado Villalba"]
[WhiteTeamCountry "ESP"]
[BlackTeamCountry "ESP"]

1. e4 c5 2. Nf3 Nc6 3. d4 cxd4 4. Nxd4 g6 5. c4 Bg7 6. Be3 Nf6 7. Nc3 Ng4 8.
Qxg4 Nxd4 9. Qd1 e5 10. Be2 O-O 11. O-O d6 12. Qd2 Be6 13. Rac1 f5 14. f3 a6
15. Kh1 Rf7 16. Bd3 h5 17. Nd5 Kh7 18. Bxd4 exd4 19. Nf4 Bd7 20. exf5 Bxf5 21.
Bxf5 Rxf5 22. Ne6 Qf6 23. Nxg7 Kxg7 24. Rfe1 Rf4 25. Re2 h4 26. h3 Rf8 27. Rce1
Rf7 28. Re6 Qf5 29. Rxd6 d3 30. Qc3+ Kh7 31. Rxd3 Rc7 32. Rd8 Qf6 33. Qxf6 Rxf6
34. Rd4 g5 35. Re5 Kh6 36. Rg4 Rg7 37. Kg1 Rgg6 38. Kf2 Rd6 39. Ke2 Rdf6 40.
Kd3 Rd6+ 41. Kc3 Rdf6 42. a4 Rf7 43. b4 Rf8 44. c5 Rff6 45. b5 axb5 46. axb5
Rf7 47. Kb4 Rd7 48. Ka5 Rd1 49. Re7 Rd5 50. Rxb7 Rxc5 51. Rb6 1-0

[Event "Madrid-chT 1920"]
[Site "Madrid"]
[Date "2020.01.19"]
[Round "5.6"]
[White "Lianes Garcia, Marcos"]
[Black "Sahuquillo Cruz, Alejandro"]
[Result "1-0"]
[WhiteElo "2354"]
[BlackElo "1972"]
[PlyCount "179"]
[EventDate "2019.11.24"]
[EventType "team-tourn"]
[EventRounds "14"]
[EventCountry "ESP"]
[SourceVersionDate "2019.11.24"]
[WhiteTeam "Collado Villalba"]
[BlackTeam "Tajamar"]
[WhiteTeamCountry "ESP"]
[BlackTeamCountry "ESP"]

1. d4 Nf6 2. c4 g6 3. Nc3 Bg7 4. e4 d6 5. Be2 O-O 6. Be3 Nbd7 7. Qc2 e5 8. d5
a5 9. g4 Nc5 10. g5 Ne8 11. h4 f5 12. f3 f4 13. Bf2 b6 14. Bf1 Bh8 15. Bh3 Ng7
16. Bxc8 Qxc8 17. Rh2 Nh5 18. O-O-O Rd8 19. Rg2 Bg7 20. Rg4 Bf8 21. Nge2 Qd7
22. Bxc5 dxc5 23. Qa4 Qxa4 24. Nxa4 Bd6 25. Nac3 Kf7 26. Rdg1 Ke7 27. R4g2 Kd7
28. Nd1 Re8 29. Nf2 Bf8 30. Ng4 Bg7 31. Kc2 Rf8 32. Rb1 Rfe8 33. Kd2 Rf8 34.
Ke1 Rfe8 35. Kf2 Rf8 36. Rgg1 Rfe8 37. Nc1 Rad8 38. Ne2 Ra8 39. Rgd1 Rad8 40.
Nc1 Kd6 41. Rd3 Rb8 42. Rb3 Ra8 43. Ne2 Rf8 44. Rd1 Rfe8 45. Nc3 Reb8 46. Rd2
Ra6 47. Na4 Raa8 48. Rb5 Re8 49. Rd3 Rab8 50. Rdb3 Rbc8 51. Ra3 Rb8 52. Nc3 Ra8
53. Rbb3 Reb8 54. Nb5+ Kd7 55. Ra4 Ra6 56. Rd3 Raa8 57. Rd1 Ra6 58. Ra1 Rd8 59.
Ke1 Rc8 60. Rd1 Rb8 61. Rb1 Raa8 62. a3 Rd8 63. Ra1 Rdb8 64. Kd2 Rc8 65. b3 Rd8
66. b4 Rdc8 67. bxc5 bxc5 68. Rb1 Rcb8 69. Kc2 Rb6 70. Nc3 Rxb1 71. Nxb1 Ra7
72. Nd2 Ng3 73. Kd3 Kd6 74. Nb3 Rb7 75. Kc2 Ne2 76. Rxa5 Ng1 77. Nh2 h6 78.
Nxc5 Rb8 79. Ne6 Ne2 80. c5+ Kd7 81. gxh6 Bxh6 82. Ng4 Bg7 83. Ra7 Nd4+ 84.
Nxd4 exd4 85. e5 Rb5 86. e6+ Kd8 87. e7+ Kxe7 88. Rxc7+ Kf8 89. d6 Ra5 90. Rc8+
1-0

[Event "Madrid-chT 1920"]
[Site "Madrid"]
[Date "2020.01.19"]
[Round "5.1"]
[White "Alcazar Jimenez, Victor Manuel"]
[Black "Gallardo Garcia, Andres"]
[Result "1/2-1/2"]
[WhiteElo "2364"]
[BlackElo "2322"]
[PlyCount "38"]
[EventDate "2019.11.24"]
[EventType "team-tourn"]
[EventRounds "14"]
[EventCountry "ESP"]
[SourceVersionDate "2019.11.24"]
[WhiteTeam "Getafe"]
[BlackTeam "Liberty Chess"]
[WhiteTeamCountry "ESP"]
[BlackTeamCountry "ESP"]

1. c4 f5 2. Nc3 Nf6 3. g3 g6 4. Bg2 Bg7 5. e3 d6 6. Nge2 O-O 7. O-O a5 8. d4
Na6 9. b3 e5 10. dxe5 dxe5 11. Ba3 Nb4 12. Qxd8 Rxd8 13. Rad1 Rxd1 14. Rxd1 c6
15. Na4 Nd7 16. e4 Rb8 17. exf5 gxf5 18. Bh3 Nf8 19. Rd6 Kf7 1/2-1/2

[Event "Madrid-chT 1920"]
[Site "Madrid"]
[Date "2020.01.19"]
[Round "5.2"]
[White "Sanchez Gonzalez, Sergio"]
[Black "Gago Padreny, Ignacio"]
[Result "0-1"]
[WhiteElo "2306"]
[BlackElo "2292"]
[PlyCount "126"]
[EventDate "2019.11.24"]
[EventType "team-tourn"]
[EventRounds "14"]
[EventCountry "ESP"]
[SourceVersionDate "2019.11.24"]
[WhiteTeam "Liberty Chess"]
[BlackTeam "Getafe"]
[WhiteTeamCountry "ESP"]
[BlackTeamCountry "ESP"]

1. c4 e5 2. Nc3 Nf6 3. Nf3 Nc6 4. g3 Bb4 5. Bg2 O-O 6. O-O e4 7. Ne1 Bxc3 8.
dxc3 h6 9. Nc2 b6 10. Ne3 Bb7 11. Nd5 Ne5 12. Bf4 d6 13. Qc2 Nxc4 14. Nxf6+
Qxf6 15. Bxe4 d5 16. Bg2 c5 17. Rad1 Rfe8 18. b3 Na3 19. Qd3 c4 20. Qf3 Nb5 21.
Rc1 cxb3 22. axb3 Rac8 23. Bd2 Qe7 24. Rfe1 Nd6 25. Qg4 Ne4 26. Bxh6 f5 27.
Qxf5 gxh6 28. Bh3 Rc7 29. Ra1 Nxc3 30. Qg6+ Kh8 31. Qxh6+ Qh7 32. Qf6+ Qg7 33.
Qh4+ Kg8 34. Bg4 Bc6 35. Rac1 d4 36. Qh5 Rce7 37. b4 d3 38. Rxc3 Qxc3 39. Qg6+
Qg7 40. Qxc6 Qxg4 41. Qd5+ Kg7 42. Qxd3 Qxb4 43. Rc1 Rxe2 44. Rc7+ R2e7 45. Rc4
Qe1+ 46. Kg2 Qe2 47. Qc3+ Qe5 48. Rg4+ Kh8 49. Qd3 Rh7 50. h3 b5 51. Rf4 a5 52.
Kh2 b4 53. Rf5 Qb2 54. Qb5 Qe2 55. Qc6 Qe6 56. Qf3 b3 57. h4 a4 58. h5 Rg7 59.
h6 Qxh6+ 60. Kg2 Qe6 61. Rf4 Rh7 62. Qc3+ Kg8 63. Rxa4 Qh3+ 0-1

[Event "Madrid-chT 1920"]
[Site "Madrid"]
[Date "2020.01.19"]
[Round "5.3"]
[White "Khudov, Oleksandr"]
[Black "Fernandez Garcia, Miguel Angel"]
[Result "1/2-1/2"]
[WhiteElo "2234"]
[BlackElo "2270"]
[PlyCount "113"]
[EventDate "2019.11.24"]
[EventType "team-tourn"]
[EventRounds "14"]
[EventCountry "ESP"]
[SourceVersionDate "2019.11.24"]
[WhiteTeam "Getafe"]
[BlackTeam "Liberty Chess"]
[WhiteTeamCountry "ESP"]
[BlackTeamCountry "ESP"]

1. d4 Nf6 2. Bf4 d6 3. e3 Nbd7 4. Nf3 g6 5. h3 Bg7 6. Be2 O-O 7. O-O b6 8. a4
a5 9. Nc3 Bb7 10. Bc4 e6 11. Qe2 Nd5 12. Nxd5 exd5 13. Bd3 Nf6 14. c3 Re8 15.
b4 Ne4 16. Qc2 Bf8 17. Nd2 Nxd2 18. Qxd2 Qh4 19. Rfc1 Bh6 20. Bg3 Qxg3 21. fxg3
Bxe3+ 22. Qf2 Bxf2+ 23. Kxf2 Re7 24. g4 f6 25. g3 Kf7 26. Bf1 Rae8 27. bxa5
bxa5 28. Bb5 Rb8 29. Rab1 Ba8 30. Bd3 Ree8 31. Kf3 Bc6 32. Bc2 Ke7 33. Re1+ Kd7
34. Rxe8 Rxe8 35. h4 Ke7 36. Re1+ Kf7 37. Rxe8 Bxe8 38. Bb3 Ke6 39. Kf4 h6 40.
Bc2 g5+ 41. Ke3 Ke7 42. h5 Bd7 43. Bd1 Bc8 44. Be2 Ke6 45. Bd3 Ke7 46. Be2 Bd7
47. Bd1 Kd8 48. Kd2 Bc8 49. Be2 Bd7 50. Bd1 Ke7 51. Ke3 c5 52. Kd2 c4 53. Ke3
f5 54. gxf5 Bxf5 55. g4 Bb1 56. Kd2 Be4 57. Kc1 1/2-1/2

[Event "Madrid-chT 1920"]
[Site "Madrid"]
[Date "2020.01.19"]
[Round "5.4"]
[White "Perez Gonzalez, Jose Manuel"]
[Black "Alcazar Jimenez, Jesus Alberto"]
[Result "1-0"]
[WhiteElo "2181"]
[BlackElo "2160"]
[PlyCount "105"]
[EventDate "2019.11.24"]
[EventType "team-tourn"]
[EventRounds "14"]
[EventCountry "ESP"]
[SourceVersionDate "2019.11.24"]
[WhiteTeam "Liberty Chess"]
[BlackTeam "Getafe"]
[WhiteTeamCountry "ESP"]
[BlackTeamCountry "ESP"]

1. e4 c5 2. Nf3 Nc6 3. d4 cxd4 4. Nxd4 Nf6 5. Nc3 e6 6. Ndb5 Bc5 7. Bf4 O-O 8.
Bc7 Qe7 9. Bd6 Bxd6 10. Qxd6 Ne8 11. Qxe7 Nxe7 12. O-O-O a6 13. Nd6 Nxd6 14.
Rxd6 f5 15. Rd2 b5 16. Bd3 Bb7 17. Re1 b4 18. Nd1 f4 19. f3 Rfc8 20. e5 Rc5 21.
Be4 Nd5 22. Nf2 Ra5 23. Kb1 Rb8 24. Bxd5 Bxd5 25. b3 g5 26. h4 h6 27. hxg5 hxg5
28. Nh3 Rf8 29. Nxg5 Rf5 30. Nh3 Bc6 31. Rde2 Rd5 32. Kc1 Ra5 33. Kb2 Rd5 34.
c4 bxc3+ 35. Kxc3 Kf7 36. Rd2 Rc5+ 37. Kb2 Rcxe5 38. Rxe5 Rxe5 39. Nxf4 Rf5 40.
Ne2 e5 41. Nc1 Ke6 42. Nd3 d6 43. Rc2 Bb5 44. Nf2 d5 45. a4 Bf1 46. Ng4 Bd3 47.
Rd2 e4 48. Kc3 a5 49. Kd4 Rf8 50. Nf2 Bf1 51. fxe4 Bxg2 52. Nd3 dxe4 53. Nc5+
1-0

[Event "Madrid-chT 1920"]
[Site "Madrid"]
[Date "2020.01.19"]
[Round "5.5"]
[White "Garcia Dorado, Alberto"]
[Black "Barraza Caracuel, Ignacio"]
[Result "1-0"]
[WhiteElo "2152"]
[BlackElo "2148"]
[PlyCount "83"]
[EventDate "2019.11.24"]
[EventType "team-tourn"]
[EventRounds "14"]
[EventCountry "ESP"]
[SourceVersionDate "2019.11.24"]
[WhiteTeam "Getafe"]
[BlackTeam "Liberty Chess"]
[WhiteTeamCountry "ESP"]
[BlackTeamCountry "ESP"]

1. Nf3 c5 2. c4 Nc6 3. g3 e5 4. Nc3 g6 5. Bg2 Bg7 6. O-O Nge7 7. d3 O-O 8. Nd5
Nxd5 9. cxd5 Nd4 10. Nd2 d6 11. e3 Nf5 12. a4 h5 13. h3 Bd7 14. Nc4 Qe7 15. Bd2
Rab8 16. Bc3 h4 17. g4 Nh6 18. f4 f5 19. g5 Nf7 20. Qd2 Rfe8 21. Rfe1 Qf8 22.
Qf2 e4 23. Qxh4 Bxc3 24. bxc3 exd3 25. Bf1 Qg7 26. Ra3 Bxa4 27. Bxd3 Bb5 28.
Qf2 Bxc4 29. Bxc4 b5 30. Bd3 c4 31. Bc2 a5 32. Qd2 a4 33. Rb1 Qf8 34. h4 Qe7
35. Kf2 Qa7 36. h5 Kg7 37. hxg6 Nxg5 38. fxg5 f4 39. Qd4+ Qxd4 40. exd4 Re3 41.
Bf5 Rh8 42. Rxb5 1-0

[Event "Madrid-chT 1920"]
[Site "Madrid"]
[Date "2020.01.19"]
[Round "5.6"]
[White "Suarez Triguero, Jose Alfonso"]
[Black "Guerrero Villanueva, David"]
[Result "1-0"]
[WhiteElo "2041"]
[BlackElo "1997"]
[PlyCount "131"]
[EventDate "2019.11.24"]
[EventType "team-tourn"]
[EventRounds "14"]
[EventCountry "ESP"]
[SourceVersionDate "2019.11.24"]
[WhiteTeam "Liberty Chess"]
[BlackTeam "Getafe"]
[WhiteTeamCountry "ESP"]
[BlackTeamCountry "ESP"]

1. e4 c6 2. d4 d5 3. exd5 cxd5 4. Bd3 Nf6 5. h3 Nc6 6. c3 g6 7. Nf3 Bg7 8. Bf4
O-O 9. O-O Ne4 10. Nbd2 Nd6 11. Bxd6 Qxd6 12. Re1 a6 13. a4 b6 14. Qe2 Re8 15.
Ne5 f6 16. Nxc6 Qxc6 17. c4 Qd6 18. cxd5 Qb4 19. Nf3 e5 20. dxe5 fxe5 21. Be4
a5 22. Ng5 Qd6 23. Rac1 Bd7 24. Ne6 Bh6 25. Rc3 Rac8 26. Qd3 Rxc3 27. bxc3 Bxe6
28. dxe6 Qxd3 29. Bxd3 Bg7 30. Rb1 Rb8 31. Bb5 Bf6 32. Rd1 Rd8 33. Rd7 Rxd7 34.
exd7 Kf8 35. Kf1 Ke7 36. Ke2 Kd6 37. Kd3 Be7 38. Ke4 Bd8 39. g3 Bf6 40. h4 Bd8
41. Bc4 Bf6 42. Bg8 h6 43. Bh7 Kxd7 44. Bxg6 Ke6 45. Bf5+ Kd6 46. Bc8 Kc7 47.
Ba6 Kd6 48. Kf5 Ke7 49. Bc4 e4 50. Kxe4 Bxc3 51. g4 Kf6 52. Be2 Be1 53. Ke3 Bb4
54. f4 Bc5+ 55. Ke4 Bb4 56. g5+ hxg5 57. hxg5+ Kg7 58. Bd3 Bd2 59. Kf5 Bc1 60.
Kg4 Kf7 61. f5 Be3 62. Bc4+ Kg7 63. f6+ Kg6 64. Bd3+ Kf7 65. Kf5 Bd2 66. g6+
1-0

[Event "Madrid-chT 1920"]
[Site "Madrid"]
[Date "2020.01.18"]
[Round "5.1"]
[White "Moreno Trujillo, Alejandro"]
[Black "Reyes Larena, Juan"]
[Result "1/2-1/2"]
[WhiteElo "2505"]
[BlackElo "2442"]
[PlyCount "78"]
[EventDate "2019.11.24"]
[EventType "team-tourn"]
[EventRounds "14"]
[EventCountry "ESP"]
[SourceVersionDate "2019.11.24"]
[WhiteTeam "Villalba 64"]
[BlackTeam "San Sebastian de los Reyes"]
[WhiteTeamCountry "ESP"]
[BlackTeamCountry "ESP"]

1. d4 Nf6 2. c4 g6 3. Nc3 Bg7 4. e4 d6 5. Nf3 O-O 6. h3 e5 7. d5 Nh5 8. Nh2 Qe8
9. Be2 Nf4 10. Bf3 f5 11. O-O Na6 12. Be3 Qe7 13. Kh1 Nc5 14. b4 fxe4 15. Nxe4
Nxe4 16. Bxe4 a5 17. a3 Bf5 18. Qc2 Qd7 19. Nf3 Bxe4 20. Qxe4 Qf5 21. Qxf5 Rxf5
22. Nd2 e4 23. Rab1 axb4 24. axb4 Re8 25. b5 b6 26. Rb3 Ne2 27. Re1 Nd4 28. Ra3
Rf7 29. Kg1 h6 30. Kf1 g5 31. Rc1 Nxb5 32. cxb5 Bb2 33. Rac3 Bxc1 34. Rxc1 Re5
35. Rb1 Rxd5 36. Ke2 Rff5 37. Rc1 Rf7 38. Rb1 Rff5 39. Rc1 Rf7 1/2-1/2

[Event "Madrid-chT 1920"]
[Site "Madrid"]
[Date "2020.01.18"]
[Round "5.2"]
[White "Reyes Penas, Sebastian"]
[Black "Gascon del Nogal, Jose Rafael"]
[Result "1/2-1/2"]
[WhiteElo "2215"]
[BlackElo "2466"]
[PlyCount "52"]
[EventDate "2019.11.24"]
[EventType "team-tourn"]
[EventRounds "14"]
[EventCountry "ESP"]
[SourceVersionDate "2019.11.24"]
[WhiteTeam "San Sebastian de los Reyes"]
[BlackTeam "Villalba 64"]
[WhiteTeamCountry "ESP"]
[BlackTeamCountry "ESP"]

1. e4 c5 2. Nf3 d6 3. d4 cxd4 4. Nxd4 Nf6 5. Nc3 a6 6. g3 e5 7. Nde2 Be7 8. Bg2
b5 9. Nd5 Nbd7 10. Nec3 Rb8 11. O-O b4 12. Nxe7 Qxe7 13. Nd5 Nxd5 14. Qxd5 Bb7
15. Qd2 O-O 16. Rd1 Nf6 17. Qxd6 Qxd6 18. Rxd6 Bxe4 19. Bxe4 Nxe4 20. Rd5 Rfe8
21. Be3 Rbc8 22. a3 bxa3 23. Rxa3 Rxc2 24. Rxa6 h5 25. b4 Rb2 26. Raa5 Rxb4
1/2-1/2

[Event "Madrid-chT 1920"]
[Site "Madrid"]
[Date "2020.01.18"]
[Round "5.3"]
[White "Valles Moreno, Ivan"]
[Black "Martinez Fernandez, Raul"]
[Result "1/2-1/2"]
[WhiteElo "2406"]
[BlackElo "2192"]
[PlyCount "106"]
[EventDate "2019.11.24"]
[EventType "team-tourn"]
[EventRounds "14"]
[EventCountry "ESP"]
[SourceVersionDate "2019.11.24"]
[WhiteTeam "Villalba 64"]
[BlackTeam "San Sebastian de los Reyes"]
[WhiteTeamCountry "ESP"]
[BlackTeamCountry "ESP"]

1. Nf3 Nf6 2. c4 c6 3. g3 d5 4. Bg2 e6 5. O-O Bd6 6. d4 O-O 7. Nc3 Nbd7 8. Nd2
Rb8 9. e4 dxe4 10. Ndxe4 Nxe4 11. Nxe4 Bc7 12. b3 b5 13. Ba3 b4 14. Bc1 Qe7 15.
Re1 Bb7 16. Qc2 h6 17. Bb2 Rfc8 18. Rad1 Bb6 19. Rd2 Nf8 20. Qd1 Rd8 21. d5
cxd5 22. cxd5 f5 23. Be5 fxe4 24. Bxb8 exd5 25. Bf4 Ne6 26. Be3 d4 27. Bxh6
gxh6 28. Bxe4 Bxe4 29. Rxe4 Qf6 30. Qg4+ Ng7 31. Rd3 h5 32. Qe2 Qc6 33. h4 Rf8
34. Re5 Kh8 35. Re7 Re8 36. Rxe8+ Qxe8 37. Qf3 Qg6 38. Rd1 Qc2 39. Rd3 Qxa2 40.
Qa8+ Kh7 41. Qe4+ Kg8 42. Qd5+ Kh7 43. Qe4+ Kg8 44. Rf3 Qd2 45. Qa8+ Kh7 46.
Rf8 Qe1+ 47. Kg2 d3 48. Rh8+ Kg6 49. Qc6+ Qe6 50. Qf3 Qf5 51. Qc6+ Qe6 52. Qf3
Qf5 53. Qc6+ Qe6 1/2-1/2